000 01219cam a2200253 a 4500
999 _c6879
_d6879
020 _a0312394608
022 _a9780312394608
050 0 0 _aPE1417
_b.M29
100 _aSchilb John (ed.)
245 0 0 _aMaking literature matter :
_ban anthology for readers and writers /
_c[compiled by] John Schilb, John Clifford.
250 _a2nd ed.
260 _aBoston :
_bBedford/St. Martin's,
_c2003.
300 _axxviii, 1662 p. ;
_c24 cm.
500 _aIncludes indexes.
505 _a1. What is Literature? How and Why does it matter? 2. Reading and Thinking about Literature 3. The Writing Process 4. Writing about Stories 5. Writing about Poems 6. Writing about Plays 7. Writing about Essays 8. Working with collection of writing 9. Working with critical commentaries 10. Working with Re-vision 11. Working with cultural contexts 12. Living in families 13. Teaching and Learning 14. Loving 15. Doing Justice 16. Confronting Mortality
650 0 _aCollege readers.
650 0 _aEnglish language
_xRhetoric
650 0 _aCriticism
_xAuthorship
650 0 _aAcademic writing
650 0 _aAmerican literature.
650 0 _aEnglish literature.
700 1 _aClifford, John, (ed.)
942 _cBK